000 00549nam a2200181Ia 4500
008 151018s9999 xx 000 0 und d
082 _bRBASDV45641
_a891.463
100 _aसुधा नरवणे
245 _aते अठरा सेकंद
250 _b1
260 _bनिशिगंधा
_c2008
300 _a200
600 _aसुधा नरवणे
630 _aते अठरा सेकंद
700 _aसुधा नरवणे
730 _aते अठरा सेकंद
942 _cBOOK
999 _c1044818
_d1044815